| 000 | 00398nam a22001577a 4500 | ||
|---|---|---|---|
| 003 | SGT | ||
| 020 | _a9788131257166 | ||
| 082 |
_a616.0757 _bT21O |
||
| 100 | _aOngole, Ravikiran | ||
| 245 | _aTextbook of Oral Medicine, Oral diagnosis & Oral Radiology | ||
| 250 | _a3rd | ||
| 260 |
_aNetherlands _bElsevier _c2021 |
||
| 300 | _a874 | ||
| 650 | _aOral Medicine; Oral Radiology | ||
| 942 |
_2ddc _cBK _02 |
||
| 999 |
_c26818 _d26818 |
||